Normal view
MARC view
- Diary Of Wimpy Kid The Ugly Truth
Entry Topical Term
001 - CONTROL NUMBER
- control field: 122946
003 - CONTROL NUMBER IDENTIFIER
- control field: NUST
005 - DATE AND TIME OF LATEST TRANSACTION
- control field: 20240527123604.0
008 - FIXED-LENGTH DATA ELEMENTS
- fixed length control field: 240527|| aca||aabn | a|a d
040 ## - CATALOGING SOURCE
- Original cataloging agency: NUST
- Transcribing agency: NUST
150 ## - HEADING--TOPICAL TERM
- Topical term or geographic name entry element: Diary Of Wimpy Kid The Ugly Truth
670 ## - SOURCE DATA FOUND
- Source citation: Work cat.: (NUST): Knney, Jeff 122945, Diary Of Wimpy Kid The Ugly Truth, 2010.
